000
00296nam a22001337a 4500
008
181029b xxu||||| |||| 00| 0 eng d
020
_a
2740115523169
041
_a
eng
080
_2
3rd
_a
910
100
_a
42
101
_a
GJEO
245
_a
Exploring Geology
_c
Reynolds,S.J
942
_2
udc
_c
BK
999
_c
50950
_d
50950